[Event "Asian Schools-ch 14th U09 Girls"]
[Site "Waskaduwa"]
[Date "2018.07.09"]
[Round "2.4"]
[White "Panchal, Hiya"]
[Black "Dange, Gehansa Ranumi"]
[Result "1-0"]
[WhiteElo "1227"]
[BlackElo "1004"]
[PlyCount "55"]
[EventDate "2018.07.09"]
[EventType "swiss"]
[EventRounds "9"]
[EventCountry "SRI"]
[SourceTitle "EXT 2024"]
[Source "ChessBase"]
[SourceDate "2023.10.10"]
[SourceVersion "1"]
[SourceVersionDate "2023.10.10"]
[SourceQuality "1"]

1. e4 d6 2. d4 Nf6 3. Nc3 g6 4. Bg5 Nbd7 5. Nf3 Bg7 6. Bc4 c5 7. e5 dxe5 8. dxe5 Ng4 9. e6 fxe6 10. Bxe6 Nde5 11. Qxd8+ Kxd8 12. Bxc8 Rxc8 13. Nd5 Nxf3+ 14. gxf3 Nf6 15. Nf4 Ke8 16. Ne6 Kf7 17. Nxg7 Kxg7 18. 0-0-0 Rhf8 19. Rhe1 Rf7 20. Re2 h6 21. Bh4 Rc7 22. Rde1 a6 23. Re6 Kf8 24. Bg3 Rd7 25. Bf4 g5 26. Be3 Rd5 27. Rb6 Nh5 28. Rxh6 1-0